Contribuições para a botanica paulista. (Record no. 25050)

MARC details
000 -LEADER
fixed length control field 00609cam a22002171 4500
001 - CONTROL NUMBER
control field gs 11000376
003 - CONTROL NUMBER IDENTIFIER
control field DLC
005 - DATE AND TIME OF LATEST TRANSACTION
control field 20260227111311.0
008 - FIXED-LENGTH DATA ELEMENTS--GENERAL INFORMATION
fixed length control field 811204s1890 bl 000 0 por
010 ## - LIBRARY OF CONGRESS CONTROL NUMBER
LC control number gs 11000376
035 ## - SYSTEM CONTROL NUMBER
System control number (OCoLC)29095725
040 ## - CATALOGING SOURCE
Original cataloging agency DLC
Transcribing agency MnU
Modifying agency DLC
042 ## - AUTHENTICATION CODE
Authentication code premarc
043 ## - GEOGRAPHIC AREA CODE
Geographic area code s-bl---
050 00 - LIBRARY OF CONGRESS CALL NUMBER
Classification number TN42.S3
Item number A3 no. 5
100 1# - MAIN ENTRY--PERSONAL NAME
Personal name Löfgren, Alberto,
Dates associated with a name 1854-1918.
245 10 - TITLE STATEMENT
Title Contribuições para a botanica paulista.
260 ## - PUBLICATION, DISTRIBUTION, ETC.
Place of publication, distribution, etc. S. Paulo,
Name of publisher, distributor, etc. L. King Bookwalter, typographia King,
Date of publication, distribution, etc. 1890.
300 ## - PHYSICAL DESCRIPTION
Extent 51 p.
Dimensions 23 cm.
650 #0 - SUBJECT ADDED ENTRY--TOPICAL TERM
Topical term or geographic name entry element Botany
Geographic subdivision Brazil
-- São Paulo (State)

No items available.

Powered by Koha